[Event "CYCC U12"]
[Site "Windsor CAN"]
[Date "2016.07.06"]
[Round "2.65"]
[White "Wang, Terry"]
[Black "Chung, Leo"]
[Result "0-1"]
[WhiteElo "893"]
[BlackElo "1111"]
[PlyCount "116"]
[EventDate "2016.07.05"]
[EventType "swiss"]
[EventRounds "7"]
[EventCountry "CAN"]

1. e4 c5 2. d4 cxd4 3. Qxd4 Nc6 4. Qd1 Nf6 5. Nc3 e6 6. Nf3 Bb4 7. Bd3 O-O 8.
Bg5 h6 9. Bh4 d5 10. O-O Bxc3 11. bxc3 dxe4 12. Bxe4 Qxd1 13. Rfxd1 Nxe4 14.
Rd3 g5 15. Re3 f5 16. Bg3 Nxg3 17. fxg3 Rd8 18. h3 Kf7 19. Rf1 b6 20. g4 f4 21.
Re4 Bb7 22. g3 Ne7 23. Re5 Ng6 24. Ree1 Bxf3 25. Rxf3 e5 26. h4 Re8 27. h5 Nf8
28. gxf4 exf4 29. Rd1 Rad8 30. Ra1 Re3 31. Rxe3 fxe3 32. Kf1 Nh7 33. Ke2 Re8
34. Re1 Nf6 35. Kf3 e2 36. a4 a6 37. Rxe2 Rxe2 38. Kxe2 Nxg4 39. Kd3 Ke6 40.
Kc4 Nf2 41. Kd4 Kf5 42. Ke3 Nd1+ 43. Ke2 Nxc3+ 44. Kd3 Nxa4 45. c4 Kf4 46. c5
Nxc5+ 47. Ke2 a5 48. Kd2 g4 49. Ke2 g3 50. Kf1 Kf3 51. Ke1 g2 52. Kd2 g1=Q 53.
Kc2 Qd4 54. Kc1 Na4 55. Kc2 Ke2 56. Kb3 Qc3+ 57. Ka2 b5 58. Kb1 Qb2# 0-1

[Event "CYCC U12"]
[Site "Windsor CAN"]
[Date "2016.07.06"]
[Round "2.68"]
[White "Wang, Kevin"]
[Black "Renard, Christopher"]
[Result "1-0"]
[WhiteElo "1034"]
[BlackElo "799"]
[PlyCount "121"]
[EventDate "2016.07.05"]
[EventType "swiss"]
[EventRounds "7"]
[EventCountry "CAN"]

1. d4 d5 2. c4 Nf6 3. Nf3 Bf5 4. Nc3 e6 5. e3 Bb4 6. Bd2 Nc6 7. cxd5 exd5 8.
Bb5 O-O 9. Bxc6 bxc6 10. O-O Bxc3 11. Bxc3 Be4 12. Ne5 Qe8 13. Qa4 Qe6 14. Qxc6
Qxc6 15. Nxc6 Rfe8 16. f3 Bd3 17. Rfe1 Bb5 18. Ne5 Re6 19. Rac1 Rc8 20. Ba5 c5
21. Bb4 c4 22. b3 h6 23. Rc2 g5 24. a4 Ba6 25. bxc4 dxc4 26. Bc5 Rxc5 27. dxc5
Rxe5 28. c6 h5 29. Rd1 Rc5 30. Rcd2 c3 31. Rd8+ Kg7 32. c7 c2 33. Rc1 Rxc7 34.
Rd6 Bb7 35. Rd2 g4 36. Rdxc2 Rxc2 37. Rxc2 gxf3 38. g3 Ng4 39. h3 Nxe3 40. Rc7
Bd5 41. Rxa7 Be6 42. Kf2 Nd5 43. a5 Bxh3 44. Kxf3 Bg4+ 45. Kf2 Kg6 46. Ra8 Kf5
47. a6 Ke4 48. Re8+ Kd4 49. Rd8 Kc5 50. Rxd5+ Kxd5 51. a7 f5 52. a8=Q+ Kd4 53.
Qa4+ Ke5 54. Ke3 Kf6 55. Kf4 Be2 56. Qc6+ Kg7 57. Kxf5 Bd3+ 58. Kg5 Bb1 59.
Qb7+ Kg8 60. Kf6 Ba2 61. Qg7# 1-0

[Event "CYCC U12"]
[Site "Windsor CAN"]
[Date "2016.07.06"]
[Round "2.69"]
[White "Asemota, Eghosa"]
[Black "Wang, Jerry"]
[Result "0-1"]
[WhiteElo "782"]
[BlackElo "1014"]
[PlyCount "136"]
[EventDate "2016.07.05"]
[EventType "swiss"]
[EventRounds "7"]
[EventCountry "CAN"]

1. d4 e5 2. e3 exd4 3. exd4 Nf6 4. Nf3 d5 5. g3 Nc6 6. Bg5 h6 7. Bxf6 Qxf6 8.
Nc3 Bb4 9. Bg2 Bxc3+ 10. bxc3 Bg4 11. O-O O-O 12. h3 Bxf3 13. Qxf3 Qxf3 14.
Bxf3 Rad8 15. Rab1 b6 16. c4 Nxd4 17. Bxd5 Nxc2 18. Rbc1 Nb4 19. Rfd1 Nxa2 20.
Rc2 Nb4 21. Rcd2 Nxd5 22. Rxd5 Rxd5 23. Rxd5 a5 24. Kf1 f6 25. Rd7 Rc8 26. Ke1
Kh7 27. Kd2 h5 28. h4 Kh6 29. Rd4 g5 30. hxg5+ Kxg5 31. Kc3 Re8 32. c5 b5 33.
c6 b4+ 34. Kb3 Re2 35. Rd5+ f5 36. Rxa5 Rxf2 37. Kxb4 Rf3 38. Ra7 Rxg3 39. Rxc7
Re3 40. Rd7 Re8 41. Kb5 Rc8 42. Kb6 f4 43. c7 f3 44. Kb7 Rxc7+ 45. Rxc7 Kg4 46.
Rc1 f2 47. Kc6 Kg3 48. Kd5 Kg2 49. Ke5 h4 50. Kf4 h3 51. Kg4 h2 52. Kf4 f1=Q+
53. Rxf1 Kxf1 54. Kg3 Kg1 55. Kf4 h1=Q 56. Ke5 Qf3 57. Kd6 Qe4 58. Kd7 Qd4+ 59.
Kc7 Qd5 60. Kb8 Qc6 61. Ka7 Qb5 62. Ka8 Kf2 63. Ka7 Ke3 64. Ka8 Kd4 65. Ka7 Kd5
66. Ka8 Kd6 67. Ka7 Kc7 68. Ka8 Qb7# 0-1

[Event "CYCC U12"]
[Site "Windsor CAN"]
[Date "2016.07.06"]
[Round "2.70"]
[White "Xiang, Christopher"]
[Black "Chakkoli, Anirud"]
[Result "1-0"]
[WhiteElo "1007"]
[BlackElo "747"]
[PlyCount "61"]
[EventDate "2016.07.05"]
[EventType "swiss"]
[EventRounds "7"]
[EventCountry "CAN"]

1. e4 c5 2. d4 cxd4 3. c3 dxc3 4. Nxc3 Nc6 5. Nf3 e6 6. Bc4 d6 7. O-O Nf6 8.
Bg5 Be7 9. Qe2 a6 10. a4 Bd7 11. Rfd1 O-O 12. Bb3 h6 13. Qd2 e5 14. Be3 Ng4 15.
Nd5 Bh4 16. Bb6 Bxf2+ 17. Bxf2 Nxf2 18. Qxf2 Bg4 19. h3 Bxf3 20. Qxf3 Nd4 21.
Qd3 Nxb3 22. Qxb3 Rb8 23. Rac1 Qh4 24. Qd3 Qh5 25. Ne7+ Kh8 26. Qxd6 Rbd8 27.
Qxd8 Rxd8 28. Rxd8+ Kh7 29. Rcc8 g6 30. Nd5 Qd1+ 31. Kh2 1-0

[Event "CYCC U12"]
[Site "Windsor CAN"]
[Date "2016.07.06"]
[Round "3.51"]
[White "Huang, Qiuyu"]
[Black "Doknjas, Neil"]
[Result "1-0"]
[WhiteElo "2095"]
[BlackElo "1879"]
[PlyCount "71"]
[EventDate "2016.07.05"]
[EventType "swiss"]
[EventRounds "7"]
[EventCountry "CAN"]

1. e4 c5 2. Nf3 d6 3. d4 cxd4 4. Nxd4 Nf6 5. Nc3 a6 6. Bg5 e6 7. f4 Qb6 8. Nb3
Qe3+ 9. Qe2 Ng4 10. Qxe3 Nxe3 11. Kd2 Nxf1+ 12. Rhxf1 b5 13. f5 Bb7 14. a3 Nd7
15. Na5 Rb8 16. Nxb7 Rxb7 17. Bf4 Nf6 18. Ke2 exf5 19. exf5 d5 20. Rad1 Rd7 21.
Kf3 Be7 22. g4 h5 23. g5 Nh7 24. h4 d4 25. Ne2 Bc5 26. Be5 f6 27. gxf6 Nxf6 28.
Bxd4 Rd5 29. Kg2 Ng4 30. Rfe1 Kf7 31. Bxc5 Rxc5 32. Rd7+ Kg8 33. Nd4 Nh6 34. f6
Rc8 35. Rxg7+ Kf8 36. Ne6+ 1-0

[Event "CYCC U12"]
[Site "Windsor CAN"]
[Date "2016.07.06"]
[Round "3.52"]
[White "Mah, Sean"]
[Black "Huang, Patrick"]
[Result "0-1"]
[WhiteElo "1640"]
[BlackElo "1942"]
[PlyCount "58"]
[EventDate "2016.07.05"]
[EventType "swiss"]
[EventRounds "7"]
[EventCountry "CAN"]

1. e4 c5 2. Nf3 d6 3. d4 cxd4 4. Nxd4 Nf6 5. Nc3 a6 6. f3 e5 7. Nb3 Be6 8. Bg5
Nbd7 9. Nd2 Qc7 10. Be2 Be7 11. f4 exf4 12. Bxf4 O-O 13. Nf3 b5 14. Qd4 Rfd8
15. Bd3 Nb6 16. e5 dxe5 17. Bxe5 Qb7 18. Qh4 h6 19. Qg3 Nc4 20. Be4 Qb6 21.
Bxa8 Qe3+ 22. Ne2 Rxa8 23. Qf2 Qxf2+ 24. Kxf2 Ng4+ 25. Ke1 Ngxe5 26. Nxe5 Nxe5
27. Nc3 Nc4 28. Rd1 Nxb2 29. Rd2 Bb4 0-1

[Event "CYCC U12"]
[Site "Windsor CAN"]
[Date "2016.07.06"]
[Round "3.53"]
[White "England, Max"]
[Black "Cyrenne, Cole"]
[Result "1-0"]
[WhiteElo "1922"]
[BlackElo "640"]
[PlyCount "101"]
[EventDate "2016.07.05"]
[EventType "swiss"]
[EventRounds "7"]
[EventCountry "CAN"]

1. e4 c5 2. d4 d5 3. exd5 Qxd5 4. dxc5 Qxd1+ 5. Kxd1 e5 6. Be3 Nd7 7. Bb5 Ngf6
8. c6 bxc6 9. Bxc6 Rb8 10. b3 Bb7 11. Bxb7 Rxb7 12. Nc3 Bb4 13. Nge2 O-O 14. a3
Ba5 15. Kc1 Rc8 16. b4 Bb6 17. Bxb6 Nxb6 18. h3 Nbd5 19. Nxd5 Nxd5 20. Kb2 Rbc7
21. Rac1 f5 22. Rhd1 Nc3 23. Nxc3 Rxc3 24. Rd5 R3c7 25. Rxe5 g6 26. Re3 f4 27.
Rf3 Rc4 28. Kb3 g5 29. c3 Kg7 30. Rd1 R8c7 31. Rd4 R4c6 32. Rfd3 Rf6 33. Rd7+
Rxd7 34. Rxd7+ Rf7 35. Rxf7+ Kxf7 36. b5 h5 37. a4 g4 38. h4 Kf6 39. a5 Ke5 40.
b6 axb6 41. a6 g3 42. f3 Kd6 43. a7 Kc7 44. a8=Q b5 45. Qa6 b4 46. Kxb4 Kd7 47.
Qf6 Kc7 48. Kc5 Kc8 49. Qe7 Kb8 50. Kb6 Ka8 51. Qd8# 1-0

[Event "CYCC U12"]
[Site "Windsor CAN"]
[Date "2016.07.06"]
[Round "3.54"]
[White "Wu, Tony (Dongze)"]
[Black "Tanaka, Tyler"]
[Result "1/2-1/2"]
[WhiteElo "1769"]
[BlackElo "1824"]
[PlyCount "75"]
[EventDate "2016.07.05"]
[EventType "swiss"]
[EventRounds "7"]
[EventCountry "CAN"]

1. d4 Nf6 2. Nf3 g6 3. g3 Bg7 4. Bg2 O-O 5. O-O d6 6. c4 c5 7. Nc3 a6 8. dxc5
dxc5 9. Qxd8 Rxd8 10. Na4 Ne4 11. Be3 Be6 12. Rac1 Nd7 13. Ng5 Nxg5 14. Bxg5
Kf8 15. b3 Rab8 16. Bf4 Be5 17. Bxe5 Nxe5 18. Nxc5 Rd2 19. f4 Ng4 20. Ra1 Ne3
21. Nxe6+ fxe6 22. Rf3 Nxg2 23. Kxg2 Rxe2+ 24. Rf2 Rxf2+ 25. Kxf2 Rd8 26. Ke2
Kf7 27. Rf1 h5 28. Rf2 Kf6 29. Ke3 Kf5 30. h3 e5 31. fxe5+ Kxe5 32. Rf7 Rd7 33.
Rf4 Rd1 34. Re4+ Kf5 35. Rf4+ Ke5 36. Re4+ Kf5 37. Rf4+ Ke5 38. Re4+ 1/2-1/2

[Event "CYCC U12"]
[Site "Windsor CAN"]
[Date "2016.07.06"]
[Round "3.55"]
[White "Chen, Hao"]
[Black "Shi, William"]
[Result "0-1"]
[WhiteElo "1296"]
[BlackElo "1723"]
[PlyCount "74"]
[EventDate "2016.07.05"]
[EventType "swiss"]
[EventRounds "7"]
[EventCountry "CAN"]

1. e4 c5 2. Nc3 Nc6 3. f4 d6 4. Nf3 e6 5. Bc4 a6 6. O-O b5 7. Be2 g6 8. d4 cxd4
9. Nb1 Bg7 10. Kh1 Nge7 11. c3 dxc3 12. Nxc3 Bb7 13. Be3 O-O 14. Qc2 Rc8 15.
Rad1 b4 16. Nb1 Nd4 17. Qd2 Nxe2 18. Qxe2 Bxe4 19. Qxa6 Nf5 20. Rfe1 Bc2 21.
Rd2 Nxe3 22. Rxe3 Bxb1 23. Re1 Ra8 24. Qxd6 Qxd6 25. Rxd6 Bxa2 26. Re2 Bd5 27.
Rb6 b3 28. h3 Ra2 29. Ne5 Rc8 30. Nd3 Bc4 31. Rd6 Bxd3 32. Rxd3 Rc2 33. Ree3
Rcxb2 34. Rxb3 Rxg2 35. Rg3 Rgc2 36. Rb1 Bd4 37. Rg2 Rxg2 0-1

[Event "CYCC U12"]
[Site "Windsor CAN"]
[Date "2016.07.06"]
[Round "3.56"]
[White "Zhao, Ian"]
[Black "Makarczyk, David"]
[Result "1-0"]
[WhiteElo "1715"]
[BlackElo "1215"]
[PlyCount "143"]
[EventDate "2016.07.05"]
[EventType "swiss"]
[EventRounds "7"]
[EventCountry "CAN"]

1. Nf3 d5 2. g3 c5 3. Bg2 Nc6 4. O-O e5 5. d3 Nf6 6. e4 d4 7. a4 Be7 8. Na3 O-O
9. Nc4 Qc7 10. Ne1 Be6 11. Bd2 a6 12. a5 Bd8 13. Nb6 Rb8 14. f4 Bg4 15. Nf3 Qe7
16. Nc4 Bc7 17. f5 Ra8 18. h3 Bxf3 19. Qxf3 Rfb8 20. g4 b5 21. axb6 Bxb6 22. g5
Nd7 23. f6 Qf8 24. fxg7 Qxg7 25. Nd6 Rf8 26. Nf5 Qg6 27. h4 h5 28. gxh6 Kh7 29.
h5 Qf6 30. Qh3 Qe6 31. Ng7 Qxh3 32. Bxh3 Ndb8 33. Bg5 Bd8 34. Bxd8 Nxd8 35. Rf6
Nbc6 36. Raf1 Nb4 37. R1f2 a5 38. Kh2 a4 39. Ne6 Nxe6 40. Bxe6 Ra6 41. Rxf7+
Rxf7 42. Bxf7 Kxh6 43. Bc4 Ra7 44. c3 dxc3 45. bxc3 Ra5 46. cxb4 cxb4 47. Ra2
Kxh5 48. Kg3 Kg5 49. Kf3 a3 50. Ke3 Ra7 51. d4 exd4+ 52. Kxd4 Rb7 53. Bb3 Kf4
54. e5 Rd7+ 55. Bd5 Re7 56. e6 Kf5 57. Kc5 Ke5 58. Re2+ Kf6 59. Kxb4 a2 60.
Bxa2 Rb7+ 61. Kc5 Re7 62. Kd6 Ra7 63. Bd5 Ra6+ 64. Bc6 Rxc6+ 65. Kxc6 Ke7 66.
Kc7 Ke8 67. e7 Kf7 68. e8=Q+ Kf6 69. Qe5+ Kg6 70. Rg2+ Kf7 71. Rg7+ Kf8 72.
Qe7# 1-0

[Event "CYCC U12"]
[Site "Windsor CAN"]
[Date "2016.07.06"]
[Round "3.57"]
[White "Chung, Leo"]
[Black "Liu, Harrison"]
[Result "1-0"]
[WhiteElo "1111"]
[BlackElo "1608"]
[PlyCount "98"]
[EventDate "2016.07.05"]
[EventType "swiss"]
[EventRounds "7"]
[EventCountry "CAN"]

1. Nf3 Nc6 2. g3 Nf6 3. Bg2 g6 4. d3 Bg7 5. O-O O-O 6. e4 d5 7. e5 Nd7 8. d4
Nb6 9. c3 Bg4 10. h3 Bd7 11. Be3 Qc8 12. Kh2 Nc4 13. Qc1 Re8 14. b3 Nb6 15. Bh6
Nd8 16. Bxg7 Kxg7 17. Nbd2 Ne6 18. c4 dxc4 19. bxc4 c5 20. d5 Nf8 21. Qb2 Kg8
22. Rac1 Qc7 23. Rfe1 Be6 24. dxe6 Nxe6 25. Ne4 Nd7 26. Neg5 Nxg5 27. Nxg5 h6
28. Nf3 Nb8 29. e6 f6 30. Rcd1 Nc6 31. Rd7 Qb6 32. Rxb7 Qxb2 33. Rxb2 Nb4 34.
Rd2 Rad8 35. a3 Rxd2 36. Nxd2 Nc2 37. Rc1 Nxa3 38. Rc3 Rd8 39. Rxa3 Rxd2 40.
Rxa7 Rxf2 41. Rxe7 Kf8 42. Rf7+ Kg8 43. Kg1 Re2 44. Bd5 f5 45. e7 Re5 46. Rf8+
Kg7 47. e8=Q Rxe8 48. Rxe8 Kf6 49. Kf2 g5 1-0

[Event "CYCC U12"]
[Site "Windsor CAN"]
[Date "2016.07.06"]
[Round "3.58"]
[White "Zhao, Jonathan"]
[Black "Wang, Kevin"]
[Result "1-0"]
[WhiteElo "1585"]
[BlackElo "1034"]
[PlyCount "101"]
[EventDate "2016.07.05"]
[EventType "swiss"]
[EventRounds "7"]
[EventCountry "CAN"]

1. d4 f5 2. e4 fxe4 3. Nc3 Nf6 4. Bg5 e6 5. Bxf6 gxf6 6. Qh5+ Ke7 7. Nxe4 Bg7
8. Nf3 Qe8 9. Qh4 Qf7 10. Bd3 b6 11. Ne5 Qf8 12. c4 Ke8 13. Qh5+ Ke7 14. Qh4
Ke8 15. Ng4 Ke7 16. O-O Bb7 17. Ne3 Nc6 18. Nc3 Ke8 19. d5 Ne7 20. Nb5 Kd8 21.
dxe6 dxe6 22. Qg3 e5 23. Rad1 Kc8 24. Qg4+ Kb8 25. Qd7 Qd8 26. Bc2 Nc6 27.
Qxd8+ Rxd8 28. Rxd8+ Nxd8 29. Bxh7 Ba6 30. Be4 Bb7 31. Bxb7 Kxb7 32. Nf5 Ne6
33. Rd1 Bf8 34. h4 a6 35. Nc3 Rd8 36. Rxd8 Nxd8 37. Ne4 Kc6 38. Nxf6 Kc5 39.
Nd7+ Kxc4 40. Nxf8 a5 41. g4 b5 42. g5 Nf7 43. g6 b4 44. g7 b3 45. axb3+ Kxb3
46. g8=Q Kxb2 47. Qxf7 a4 48. h5 a3 49. Qxc7 a2 50. Qa5 a1=Q+ 51. Qxa1+ 1-0

[Event "CYCC U12"]
[Site "Windsor CAN"]
[Date "2016.07.06"]
[Round "3.60"]
[White "Li, Jack"]
[Black "Xiang, Christopher"]
[Result "1-0"]
[WhiteElo "1546"]
[BlackElo "1007"]
[PlyCount "44"]
[EventDate "2016.07.05"]
[EventType "swiss"]
[EventRounds "7"]
[EventCountry "CAN"]

1. e4 c5 2. c3 Nf6 3. e5 Nd5 4. d4 cxd4 5. cxd4 d6 6. exd6 Qxd6 7. Nc3 e6 8.
Nf3 Be7 9. Be2 O-O 10. O-O Nc6 11. Bg5 Bxg5 12. Nxg5 b6 13. Bd3 f5 14. Nf3 Qb4
15. Nxd5 exd5 16. Qb3 Qd6 17. Rac1 Na5 18. Qc2 Bd7 19. Qc7 Qxc7 20. Rxc7 Rf7
21. Ne5 Bb5 22. Rxf7 Bxd3 1-0

[Event "CYCC U12"]
[Site "Windsor CAN"]
[Date "2016.07.06"]
[Round "3.61"]
[White "Kochetkov, Maxim"]
[Black "Chen, Harry"]
[Result "0-1"]
[WhiteElo "985"]
[BlackElo "1524"]
[PlyCount "62"]
[EventDate "2016.07.05"]
[EventType "swiss"]
[EventRounds "7"]
[EventCountry "CAN"]

1. d4 d5 2. c4 e6 3. Nc3 Nf6 4. Nf3 Be7 5. Bg5 Nbd7 6. e3 O-O 7. Be2 b6 8. Ne5
Bb7 9. O-O c5 10. Qa4 Nxe5 11. dxe5 Nd7 12. Bxe7 Qxe7 13. f4 f6 14. exf6 Rxf6
15. Rfd1 a5 16. cxd5 exd5 17. Nxd5 Bxd5 18. Rxd5 Qxe3+ 19. Kf1 Rxf4+ 20. Qxf4
Qxf4+ 21. Kg1 Qe3+ 22. Kf1 Rf8+ 23. Bf3 Ne5 24. Re1 Rxf3+ 25. gxf3 Qxf3+ 26.
Kg1 Qxd5 27. Kf1 Nd3 28. Re8+ Kf7 29. Rb8 Qf3+ 30. Kg1 Qf2+ 31. Kh1 Qf1# 0-1

[Event "CYCC U12"]
[Site "Windsor CAN"]
[Date "2016.07.06"]
[Round "3.62"]
[White "Richard, Leo"]
[Black "Damarla, Rishi"]
[Result "1-0"]
[WhiteElo "1471"]
[BlackElo "932"]
[PlyCount "99"]
[EventDate "2016.07.05"]
[EventType "swiss"]
[EventRounds "7"]
[EventCountry "CAN"]

1. e4 e5 2. Nf3 Nc6 3. Bb5 d6 4. d4 exd4 5. Nxd4 Bd7 6. Nxc6 Bxc6 7. Bxc6+ bxc6
8. Nc3 Nf6 9. O-O Be7 10. Re1 O-O 11. e5 dxe5 12. Qxd8 Raxd8 13. Rxe5 Bd6 14.
Re1 Rfe8 15. Bg5 Rb8 16. Bxf6 gxf6 17. Na4 Bb4 18. c3 Bd6 19. Kf1 Rbd8 20. h3
Bf8 21. Rad1 Rxd1 22. Rxd1 Bd6 23. b3 Be5 24. c4 Kf8 25. g3 Bd6 26. c5 Be7 27.
Rd4 Rd8 28. Rxd8+ Bxd8 29. Ke2 Ke7 30. Kf3 f5 31. Kf4 Kf6 32. f3 Be7 33. g4
fxg4 34. fxg4 h6 35. Nc3 Kg6 36. Ne4 Bg5+ 37. Nxg5 hxg5+ 38. Ke5 Kg7 39. Kf5 f6
40. Ke6 Kg6 41. Kd7 f5 42. gxf5+ Kxf5 43. Kxc6 Kf4 44. Kxc7 Kg3 45. Kb7 Kxh3
46. c6 g4 47. c7 g3 48. c8=Q+ Kh2 49. Qg8 g2 50. Qxg2+ 1-0

[Event "CYCC U12"]
[Site "Windsor CAN"]
[Date "2016.07.06"]
[Round "3.63"]
[White "Xing, Kun"]
[Black "Mirabelli, Aidan"]
[Result "0-1"]
[WhiteElo "905"]
[BlackElo "1457"]
[PlyCount "50"]
[EventDate "2016.07.05"]
[EventType "swiss"]
[EventRounds "7"]
[EventCountry "CAN"]

1. e4 c5 2. Nf3 d6 3. d3 Nc6 4. Nc3 e6 5. g3 Nf6 6. Bg2 Be7 7. O-O O-O 8. Be3
d5 9. exd5 exd5 10. d4 cxd4 11. Nxd4 Re8 12. Nf5 Bxf5 13. Nxd5 Nxd5 14. Bxd5
Bxc2 15. Bxf7+ Kxf7 16. Qxc2 Kg8 17. Qb3+ Kh8 18. Qxb7 Qc8 19. Qb3 Rb8 20. Qa4
Qb7 21. b3 Bf6 22. Rad1 Ne5 23. Bxa7 Nf3+ 24. Kg2 Ne1+ 25. Kg1 Qg2# 0-1

[Event "CYCC U12"]
[Site "Windsor CAN"]
[Date "2016.07.06"]
[Round "3.64"]
[White "Du, Robert"]
[Black "Quinlan, Jamie"]
[Result "1-0"]
[WhiteElo "1383"]
[BlackElo "877"]
[PlyCount "41"]
[EventDate "2016.07.05"]
[EventType "swiss"]
[EventRounds "7"]
[EventCountry "CAN"]

1. e4 e5 2. Nf3 Nc6 3. Bc4 Bc5 4. c3 Nf6 5. d4 exd4 6. cxd4 Bb4+ 7. Nc3 d6 8.
O-O Qe7 9. Nd5 Nxd5 10. exd5 Na5 11. Qa4+ c6 12. Qxb4 Nxc4 13. Re1 Ne5 14. dxe5
O-O 15. exd6 Qf6 16. Bg5 Qf5 17. Qe4 Qxe4 18. Rxe4 Bf5 19. Rd4 Rfe8 20. dxc6
bxc6 21. Rd2 1-0

[Event "CYCC U12"]
[Site "Windsor CAN"]
[Date "2016.07.06"]
[Round "3.65"]
[White "Shi, David"]
[Black "Ladhani, Kiyan"]
[Result "1/2-1/2"]
[WhiteElo "1302"]
[BlackElo "874"]
[Annotator "Doe,John"]
[PlyCount "170"]
[EventDate "2016.07.05"]
[EventType "swiss"]
[EventRounds "7"]
[EventCountry "CAN"]

1. e4 e5 2. Nf3 Nf6 3. Nxe5 Qe7 4. Nf3 d5 5. e5 Bg4 6. d4 c5 7. c3 Bxf3 8. Bb5+
Nfd7 9. Qxf3 cxd4 10. Qxd5 Nc6 11. Bxc6 bxc6 12. Qxd4 Nxe5 13. O-O c5 14. Qe4
Rd8 15. Re1 Rd5 16. Bf4 Nd3 17. Qxe7+ Bxe7 18. c4 Rd7 19. Rxe7+ Rxe7 20. Be3
O-O 21. Nc3 Rfe8 22. Nd5 Rd7 23. b3 a6 24. Rd1 Nb4 25. Nf6+ gxf6 26. Rxd7 Nc2
27. Rd3 Nb4 28. Rd2 a5 29. h3 Re5 30. a3 Na6 31. Rd6 Re6 32. Rd5 Re5 33. Kf1
Kf8 34. Ke2 Ke7 35. Rxe5+ fxe5 36. Kd3 f5 37. f4 e4+ 38. Kc3 Kd6 39. g4 Ke6 40.
Kc2 Kf6 41. g5+ Kg6 42. Bd2 Nc7 43. Bxa5 Ne6 44. Bb6 Nxf4 45. h4 e3 46. Bxc5 e2
47. Kd2 e1=Q+ 48. Kxe1 Nd3+ 49. Kd2 Nxc5 50. b4 Ne4+ 51. Ke3 Nd6 52. c5 Nc4+
53. Kf3 Nxa3 54. c6 Nb5 55. Kf4 Nc3 56. Ke5 Nb5 57. Kd5 f4 58. Ke4 f3 59. Kxf3
Nd4+ 60. Kf4 Nxc6 61. b5 Ne7 62. Kg4 Nd5 63. h5+ Kg7 64. Kf5 h6 65. g6 Ne7+ 66.
Ke6 Nc8 67. Kd7 Nb6+ 68. Kc6 Nc4 69. b6 Nxb6 70. Kxb6 Kf6 71. Kc5 Kg7 72. Kd5
Kf6 73. Kd6 Kg7 74. Ke7 Kg8 75. Ke6 Kg7 76. Kf5 Kg8 77. Kf6 Kf8 78. g7+ Kg8 79.
Ke6 Kxg7 80. Ke7 Kh7 81. Kf6 Kh8 82. Kg6 Kg8 83. Kxh6 Kh8 84. Kg6 Kg8 85. h6
Kh8 1/2-1/2

[Event "CYCC U12"]
[Site "Windsor CAN"]
[Date "2016.07.06"]
[Round "3.66"]
[White "Cloutier, Simon"]
[Black "Du, Daniel"]
[Result "1/2-1/2"]
[WhiteElo "1167"]
[BlackElo "1656"]
[PlyCount "97"]
[EventDate "2016.07.05"]
[EventType "swiss"]
[EventRounds "7"]
[EventCountry "CAN"]

1. e4 e6 2. d4 d5 3. e5 c5 4. Nf3 Nc6 5. Bb5 Bd7 6. O-O cxd4 7. Nxd4 Nxd4 8.
Bxd7+ Qxd7 9. Qxd4 Ne7 10. Nd2 Nf5 11. Qg4 Bc5 12. Nf3 h6 13. c3 O-O 14. Nh4
Nxh4 15. Qxh4 Be7 16. Qg4 Kh8 17. Re1 Qc7 18. f4 Rad8 19. Be3 Rg8 20. f5 exf5
21. Qxf5 Rdf8 22. Qh5 Qc6 23. Bd2 Qg6 24. Qxg6 fxg6 25. Rf1 Bc5+ 26. Kh1 Re8
27. Rae1 Re6 28. Re2 Rge8 29. Rfe1 Bd6 30. Bf4 g5 31. Bg3 Bc7 32. h3 Kh7 33.
Re3 Kg6 34. Rd1 Bxe5 35. Rxd5 Bxg3 36. Rxg3 Re1+ 37. Kh2 R1e2 38. h4 Rxb2 39.
hxg5 Rxa2 40. Rd6+ Kf7 41. gxh6 gxh6 42. Rxh6 Re7 43. Rh7+ Ke8 44. Rxe7+ Kxe7
45. Rg7+ Kf6 46. Rxb7 a5 47. Kh3 Ra3 48. Rc7 a4 49. g4 1/2-1/2

[Event "CYCC U12"]
[Site "Windsor CAN"]
[Date "2016.07.06"]
[Round "3.67"]
[White "Dong, Yiwei"]
[Black "Rivard, Jacob"]
[Result "1-0"]
[WhiteElo "926"]
[BlackElo "1080"]
[PlyCount "33"]
[EventDate "2016.07.05"]
[EventType "swiss"]
[EventRounds "7"]
[EventCountry "CAN"]

1. d4 d5 2. c4 dxc4 3. e3 Nc6 4. Bxc4 a6 5. Nf3 b5 6. Bb3 Nf6 7. Nc3 Bg4 8. h3
Bh5 9. O-O e6 10. Bd2 Bd6 11. Rc1 b4 12. Ne2 a5 13. Rxc6 Qd7 14. Ba4 Ne4 15.
Rxc7 Qxa4 16. Qxa4+ Kd8 17. Qd7# 1-0

[Event "CYCC U12"]
[Site "Windsor CAN"]
[Date "2016.07.06"]
[Round "3.68"]
[White "Kilroy, Sheldon"]
[Black "Asemota, Eghosa"]
[Result "1-0"]
[WhiteElo "1034"]
[BlackElo "782"]
[PlyCount "63"]
[EventDate "2016.07.05"]
[EventType "swiss"]
[EventRounds "7"]
[EventCountry "CAN"]

1. e4 e5 2. Nf3 Nc6 3. Bb5 d6 4. Nc3 Bd7 5. O-O Nf6 6. d3 Be7 7. Be3 O-O 8. Nd5
Bg4 9. Nxe7+ Nxe7 10. d4 Bxf3 11. Qxf3 exd4 12. Bxd4 c6 13. Bd3 c5 14. Bxf6
gxf6 15. Qh3 Ng6 16. f4 Qb6 17. f5 c4+ 18. Kh1 cxd3 19. fxg6 fxg6 20. cxd3 Qxb2
21. Qe6+ Kh8 22. Qxd6 f5 23. h3 Rfd8 24. Qg3 fxe4 25. dxe4 Re8 26. Rab1 Qxa2
27. Rxb7 Qa6 28. Rff7 Qa1+ 29. Kh2 Kg8 30. Rxh7 Rab8 31. Qxg6+ Kf8 32. Qf7# 1-0

[Event "CYCC U12"]
[Site "Windsor CAN"]
[Date "2016.07.06"]
[Round "3.71"]
[White "Chakkoli, Anirud"]
[Black "Wang, Terry"]
[Result "0-1"]
[WhiteElo "747"]
[BlackElo "893"]
[PlyCount "56"]
[EventDate "2016.07.05"]
[EventType "swiss"]
[EventRounds "7"]
[EventCountry "CAN"]

1. d4 Nf6 2. c4 e6 3. Nc3 d5 4. Nf3 dxc4 5. e3 Nc6 6. Bxc4 Bd6 7. O-O O-O 8. h3
e5 9. Qc2 Be6 10. b3 Qd7 11. Ne4 Nxe4 12. Qxe4 Bf5 13. Qh4 e4 14. Ng5 Be7 15.
Bxf7+ Rxf7 16. Nxf7 Bxh4 17. Ne5 Nxe5 18. dxe5 Re8 19. Bb2 c5 20. Rad1 Qf7 21.
Rd5 Qg6 22. g3 Bxg3 23. fxg3 Qxg3+ 24. Kh1 Bxh3 25. Rd2 Bxf1 26. Ba3 Re6 27.
Bxc5 Rh6+ 28. Rh2 Rxh2# 0-1

[Event "CYCC U12"]
[Site "Windsor CAN"]
[Date "2016.07.07"]
[Round "4.51"]
[White "Shi, William"]
[Black "England, Max"]
[Result "0-1"]
[WhiteElo "1723"]
[BlackElo "1922"]
[PlyCount "100"]
[EventDate "2016.07.05"]
[EventType "swiss"]
[EventRounds "7"]
[EventCountry "CAN"]

1. e4 e5 2. Nf3 Nc6 3. Bb5 a6 4. Ba4 Nf6 5. O-O Be7 6. Re1 b5 7. Bb3 d6 8. c3
O-O 9. h3 Na5 10. Bc2 c5 11. d4 Qc7 12. Nbd2 Bd7 13. Nf1 Rfe8 14. Bg5 Nc4 15.
b3 Na3 16. Rc1 Nxc2 17. Rxc2 Rac8 18. Ne3 Be6 19. Nh4 h6 20. Bxf6 Bxf6 21. Nhf5
Bxf5 22. exf5 exd4 23. Nd5 Rxe1+ 24. Qxe1 Qd7 25. Qe4 Re8 26. Qg4 Qd8 27. c4
Kh7 28. Qh5 Qd7 29. f4 Bd8 30. Qg4 Ba5 31. Rc1 d3 32. Kf2 Re2+ 33. Kf1 d2 34.
Rd1 Re1+ 35. Kf2 Qe8 36. f6 g6 37. Ne7 bxc4 38. bxc4 Bc3 39. Qf3 Bd4+ 40. Kg3
Re3 41. Rxd2 Rxf3+ 42. Kxf3 Bxf6 43. Nd5 Bg7 44. Re2 Qa4 45. Ne3 Bd4 46. Nd5
Qxc4 47. Ne3 Bxe3 48. Kxe3 Qd4+ 49. Kf3 c4 50. Re7 Qd5+ 0-1